Lo esencial de Ludwig von Mises / (Record no. 7454)

MARC details
000 -LEADER
campo de control de longitud fija 00691nam a2200229 i 4500
001 - NÚMERO DE CONTROL
campo de control 7454
003 - IDENTIFICADOR DE NÚMERO DE CONTROL
campo de control ES-MaACL
005 - FECHA Y HORA DE LA ÚLTIMA TRANSACCIÓN
campo de control 20250909210434.0
007 - CAMPO FIJO DE DESCRIPCIÓN FÍSICA--INFORMACIÓN GENERAL
campo de control de longitud fija t|
008 - DATOS DE LONGITUD FIJA--INFORMACIÓN GENERAL
campo de control de longitud fija 910121s1985 sp |||| |bspa d
020 ## - NÚMERO INTERNACIONAL ESTÁNDAR DEL LIBRO
Número Internacional Estándar del Libro 84-7209-018-3
080 ## - NÚMERO DE LA CLASIFICACIÓN DECIMAL UNIVERSAL
Número de la Clasificación Decimal Universal 33:929 Mises, Ludwig von
100 1# - ENTRADA PRINCIPAL--NOMBRE DE PERSONA
Nombre de persona Rothbard, Murray N.
9 (RLIN) 99962
245 10 - MENCIÓN DEL TÍTULO
Título Lo esencial de Ludwig von Mises /
Mención de responsabilidad, etc. Murray N. Rothbard ; traducción de Joaquín Reig Albiol.
250 ## - MENCION DE EDICION
Mención de edición Nueva ed.
260 ## - PUBLICACIÓN, DISTRIBUCIÓN, ETC.
Lugar de publicación, distribución, etc. Madrid :
Nombre del editor, distribuidor, etc. Unión Editorial,
Fecha de publicación, distribución, etc. 1985.
300 ## - DESCRIPCIÓN FÍSICA
Extensión 48 p. ;
Dimensiones 21 cm.
600 14 - PUNTO DE ACCESO ADICIONAL DE MATERIA--NOMBRE DE PERSONA
Nombre de persona Von Mises, Ludwig,
Fechas asociadas al nombre 1881-1973
9 (RLIN) 173826
700 1# - ENTRADA AGREGADA--NOMBRE PERSONAL
Nombre de persona Reig Albiol, Joaquín.
9 (RLIN) 95998
852 ## - LOCALIZACIÓN
Ubicación ES-MaACL
Número de control de estantería 2145-F-1
Holdings
Estatus retirado Estado de pérdida Estado de daño No para préstamo Colección Biblioteca de origen Biblioteca actual Ubicación en estantería Fecha de adquisición Fuente de adquisición Total de préstamos Signatura topográfica completa Código de barras Visto por última vez Precio de reemplazo Tipo de ítem Koha
        Colección de folletos Biblioteca del Ateneo de Madrid Biblioteca del Ateneo de Madrid Depósito folletos 17/01/2008     2145-F-1 1007602 23/02/2023 23/02/2023 Folleto